000 00686nam a2200289Ia 4500
005 20260324150429.0
008 008 260324s9999 xx 000 0 eng d
020 _a9781315830117
037 _aEBOOK
040 _aCRL
040 _beng
040 _cCRL
041 _2eng
041 _aeng
084 _qCRL
100 _aMichael Whiteman
_91226386
245 0 _aPhilosophy of Space and Time
245 8 _bAnd the Inner Constitution of Nature
260 _bTaylor and Francis
260 _c1967
365 _a
365 _b300
856 _uhttp://www.taylorfrancis.com/books/9781315830117
942 _cEBOOK
999 _c1835822
_d1835822